000 01300nam a22001697a 4500
008 140829b xxu||||| |||| 00| 0 eng d
020 _a8474327873
082 _a501
_bL359
100 _aLatour, Bruno
_91398
245 _aLa Esperanza de Pandora
_bEnsayos sobre la realidad de los estudios de la ciencia
_cBruno Latour
260 _aBarcelona
_bEditorial Gedisa, S.A
_c2001
300 _a382 p
_bill. col
_c23 cm
505 _tLa Esperanza de Pandora: Ensayos sobre la realidad de los estudios de la ciencia. Bruno Latour.
_t¿Cree usted en la realidad? Noticias desde las trincheras de las guerras de la ciencia. La Referencia circulante, Muestreo de tierra en la selva amazónica. De la Fabricación a la Realidad, Pasteur y su fermento del ácido láctico. La historicidad de las cosas ¿Donde estaban los microbios antes de Pasteur?. Un colectivo de humanos y no humanos, Un recorrido por el laberinto de Dédalo. La invasión de las guerras de la ciencia, El pacto de Sócrates y Calicles. Una politica liberada de la ciencia, El cuerpo cosmopolito. La leve sorpresa de la acción, Hechos, Fetiches y Factiches. Conclusión ¿Que artificio consegurá liberar la esperanza de Pandora?
650 _aSociologia y ciencias
_91399
655 _aSociología
_91400
700 _aBruno Latour
_91401
999 _c299
_d299